000 01663nam a22004217a 4500
003 CHAP
005 20220817041527.0
008 971013s1980 mx a r 00010 spa d
010 _a17090
011 _a18062
035 _a22146
040 _cCHAP
090 _aTesis
100 0 0 _aJerónimo Manuel, Felipe.
_961397
245 1 _aBiología, comportamiento y capacidad depredadora de Orius tristicolor (White) y Orius thyestes (Hemiptera: Anthocoridae) y su efecto sobr eel ácaro del cacahuate, Tetranychus urticae Koch
260 _aChapingo, Méx., :
_bEl autor,
_c1980
300 _a106 p.
_b: ilus. ; gráfs
502 _aTesis (M.C. Esp. en Entomología) -- Colegio de Postgraduados. Ram de Entomología
590 _aALEPH
_b10
_c20130110
_lUCH01
_h1240
590 _aBATCH-UPD
_b10
_c20130109
_lUCH01
_h2356
590 _aBATCH-UPD
_b10
_c20130110
_lUCH01
_h1458
590 _aBATCH-UPD
_b10
_c20130409
_lUCH01
_h1929
590 _aBATCH-UPD
_b10
_c20130410
_lUCH01
_h0921
590 _aBATCH-UPD
_b10
_c20130914
_lUCH01
_h0802
590 _aCONVERSION
_b10
_c20130109
_lUCH01
_h1311
650 1 4 _aÁcaros.
650 1 4 _aCacahuate
_xPlagas.
_916894
650 1 4 _aInsectos parásitos y predatores.
_958961
650 1 4 _aInsectos
_xBiología.
_958897
650 1 4 _aOrius thyestes.
_983587
650 1 4 _aOrius tristicolor.
_983588
650 1 4 _aTetranychus telarius.
_9112501
901 _aBK
942 _cFOLL
949 _aTesis
_bBC
_cTES
_d33724002084892
_eTS1
_gDonaciØn
_h48442
_i22146
_si
949 _aTesis
_bBC
_cTES
_d33724002084934
_eTS2
_fc.2
_gDonaciØn
_h48443
_i22146
_si
949 _aTesis
_bBC
_cTES
_d33724002084975
_eTS2
_fc.3
_gDonaciØn
_h48444
_i22146
_si
999 _c17090
_d17090